Foundations of finance : (Record no. 848)

000 -LEADER
fixed length control field 01044cam a2200313 a 4500
003 - CONTROL NUMBER IDENTIFIER
control field OSt
005 - DATE AND TIME OF LATEST TRANSACTION
control field 20210621100451.0
008 - FIXED-LENGTH DATA ELEMENTS--GENERAL INFORMATION
fixed length control field 121012s2014 maua 001 0 eng
020 ## - INTERNATIONAL STANDARD BOOK NUMBER
International Standard Book Number 9780132994873
040 ## - CATALOGING SOURCE
Transcribing agency DLC
042 ## - AUTHENTICATION CODE
Authentication code pcc
050 00 - LIBRARY OF CONGRESS CALL NUMBER
Classification number HG4026
Item number .F67 2014
100 1# - MAIN ENTRY--PERSONAL NAME
Personal name Keown, Arthur J.
245 10 - TITLE STATEMENT
Title Foundations of finance :
Remainder of title the logic and practice of financial management /
Statement of responsibility, etc. Arthur J. Keown, John D. Martin, J. William Petty.
250 ## - EDITION STATEMENT
Edition statement 8th ed.
260 ## - PUBLICATION, DISTRIBUTION, ETC.
Place of publication, distribution, etc. Boston :
Name of publisher, distributor, etc. Pearson,
Date of publication, distribution, etc. c2014.
300 ## - PHYSICAL DESCRIPTION
Extent xxvi, 522 p. :
Other physical details col. ill. ;
Dimensions 29 cm.
500 ## - GENERAL NOTE
General note Includes index.
650 #0 - SUBJECT ADDED ENTRY--TOPICAL TERM
Topical term or geographic name entry element Corporations
General subdivision Finance.
700 1# - ADDED ENTRY--PERSONAL NAME
Personal name Martin, John D.,
Dates associated with a name 1945-
700 1# - ADDED ENTRY--PERSONAL NAME
Personal name Petty, J. William,
Dates associated with a name 1942-
906 ## - LOCAL DATA ELEMENT F, LDF (RLIN)
a 7
b cbc
c orignew
d 1
e ecip
f 20
g y-gencatlg
942 ## - ADDED ENTRY ELEMENTS (KOHA)
Source of classification or shelving scheme
Koha item type Book
Suppress in OPAC SO
Holdings
Withdrawn status Lost status Source of classification or shelving scheme Damaged status Not for loan Permanent Location Current Location Shelving location Date acquired Total Checkouts Full call number Barcode Date last seen Price effective from Koha item type Public note
          AU LIBRARY AU LIBRARY Open Shelf 21.06.2021   HG4026 .F67 2014 28002406 21.06.2021 21.06.2021 Book SO

Powered by Koha